000 00482nmm a2200157Ia 4500
008 251105s9999||||xx |||||||||||||||||und||
020 _a9789580613785
041 _aspa
100 _aPaez Barrozo, Mansur
245 0 _aCuentos de otro planeta: la historia jamás imaginada de la tierra
264 _a[Bogotá, Colombia] :
_bOveja Negra,
_c2017
300 _a58 páginas
650 _aAges 6-8 Years Old
856 _uhttps://public.digitaliapublishing.com/a/55060
942 _cCF
999 _c95020
_d95020